Normal view
MARC view
- Chapman, Davis Howard
Entry Personal Name
001 - CONTROL NUMBER
- control field: 96940
003 - CONTROL NUMBER IDENTIFIER
- control field: NUST
005 - DATE AND TIME OF LATEST TRANSACTION
- control field: 20220811161809.0
008 - FIXED-LENGTH DATA ELEMENTS
- fixed length control field: 220811|| aca||aabn | a|a d
040 ## - CATALOGING SOURCE
- Original cataloging agency: NUST
- Transcribing agency: NUST
100 ## - HEADING--PERSONAL NAME
- Personal name: Chapman, Davis Howard
670 ## - SOURCE DATA FOUND
- Source citation: Work cat.: (NUST)179219: Chapman, Davis Howard., Sams teach yourself Visual C++ 6 in 21 days /, c1998.
